|
|
|
|
| LEADER |
00000nab a2200000 a 4500 |
| 001 |
vtls000309685 |
| 003 |
SK-MaSNL |
| 005 |
20260304173530.0 |
| 008 |
111201c1988 xo 0 slo |
| 015 |
|
|
|a SNBRB19rr/mm-uuuuu
|
| 035 |
|
|
|a CL0319806
|
| 040 |
|
|
|a SNKBUCL
|b slo
|c SNKBUCL
|e AACR2
|
| 041 |
0 |
|
|a slo
|
| 044 |
|
|
|a xo
|c SK
|
| 080 |
|
|
|a 796.926.093.356.032.2(100)
|2 1981
|
| 245 |
0 |
0 |
|a Korunovácia kráľa zimy
|b V obrovskom slalome mužov zvíťazil favorizovaný Talian Tomba
|c (t-sou)
|
| 611 |
2 |
7 |
|a Zimné olympijské hry
|n (15. :
|d 1988 :
|c Calgary, Alberta)
|2 snkbucl
|9 211489
|
| 650 |
0 |
7 |
|a lyžovanie
|2 snkbucl
|9 3256
|
| 655 |
|
7 |
|a články z novín a časopisov
|2 snkbucl
|9 267496
|
| 773 |
0 |
|
|t Šport
|g Roč. 42, č. 47 (26. 2. 1988), s. 6
|
| 850 |
|
|
|a Slovenská národná knižnica v Martine
|a MTA001
|
| 852 |
|
|
|a SNK
|b KIS3GCP
|
| 992 |
|
|
|a RBX
|
| 999 |
|
|
|c 3004082
|d 3006012
|